Statistics for General Knowledge Quiz #202

Click here to take the quiz!

General Stats

  • This quiz has been taken 34,475 times
  • The average score is 11 of 20

Answer Stats

QuestionAnswer% Correct
What quadrennial competition was first held in 776 B.C.?The Olympics
92%
What musical by Andrew Lloyd Webber is about a bunch of felines?Cats
89%
What island is the source of most icebergs in the North Atlantic ocean?Greenland
88%
What, technically, was the last year of the 20th century?2000
85%
What do Anglophiles love?England
71%
What fictional character famously wore ruby red slippers?Dorothy Gale /
Wicked Witch of
the East
70%
What was the Roman name of the Greek god Ares?Mars
61%
What is both a nickname of Al Capone and the name of a movie starring Al Pacino?Scarface
58%
Hydrogen is 1. Helium is 2. What is 3?Lithium
52%
Who was born in Austria in 1755, moved to France in 1770, and was beheaded in 1793?Marie Antoinette
51%
What did Julius Caesar introduce in 46 BC that was used for 1628 years until
some small improvements were made under Pope Gregory?
The Julian Calendar
49%
What saint was born in the Italian city of Assisi in 1181?Saint Francis
of Assisi
47%
What Asian capital was known as Batavia when it was controlled by the Dutch?Jakarta
43%
What was the occupation of Anton Chekov, Arthur Miller, and David Mamet (be specific)?Playwright
42%
Who recorded "Black Magic Woman", "Oye Como Va", and "Smooth"?Carlos Santana
41%
What is offical title of the heir to the British throne?Prince of Wales
40%
What country was run by a "Caudillo" from 1939 to 1975?Spain
39%
What was Gandhi's first name? (Hint: it's not Mahatma)Mohandas
36%
What's the only country in which you would encounter a bonobo in the wild?D. R. Congo
29%
What group of people were freed by Tsar Alexander II in 1861?The Serfs
22%

Score Distribution

Percentile by Number Answered

Percent of People with Each Score

Your Score History

You have not taken this quiz